000 00556nam a2200181Ia 4500
005 20250326142122.0
008 250326s9999 xx 000 0 und d
037 _aTextbook
040 _aFMSL
_beng
_cFMSL
041 _aeng
_2eng
084 _aSNIobX:8 M3
_qFMSL
100 _aSchlesinger L A
_9745603
245 0 _aManaging behavior in organization :text, cases, readings
_cSchlesinger L A And Others
260 _aNew Delhi
_bNew Delhi, Mc Graw Hill
_c1983
300 _a708p
942 _cTB
_hSNIobX:8 M3
999 _c1293523
_d1293523